Bancas - Statistics

General Stats
  • This quiz has been taken 9 times
  • The average score is 11 of 16
Answer Stats
Question Answer % Correct
Cech
100%
POCHA
100%
mi graña
75%
McToño
75%
Tati
75%
Dibz
75%
Jara
75%
Topo
75%
Kaikro
75%
Brioche
75%
Jaimy
75%
D3
75%
Flavio
75%
Mi King
75%
Curry
25%
Feo
0%
No matching quizzes found
Score Distribution
Percent of People with Each Score
Percentile by Number Answered
Your Score History
You have not taken this quiz